[Event "Principal 2018/2019"]
[Site "Vitrolles"]
[Date "2019.01.19"]
[Round "6"]
[White "Busson, Benoit"]
[Black "Telouk, Olivier"]
[Result "1/2-1/2"]
[WhiteElo "1899"]
[BlackElo "1873"]
[PlyCount "90"]

1. e4 c5 2. b4 cxb4 3. a3 e6 4. axb4 Bxb4 5. c3 Be7 6. d4 d5 7. e5 Bd7 8. Qg4
g6 9. Bd3 Bc6 10. Nf3 Nd7 11. h4 h5 12. Qg3 Nf8 13. Bg5 Nh6 14. Bxe7 Qxe7 15.
Na3 Nf5 16. Qf4 a6 17. O-O Rc8 18. c4 dxc4 19. Nxc4 Bxf3 20. Qxf3 Nxd4 21. Qf4
Nb5 22. Nb6 Rd8 23. Bxb5+ axb5 24. Rfc1 g5 25. Qe4 Ng6 26. Nc8 Qd7 27. Nd6+ Kf8
28. hxg5 Kg7 29. f4 Ra8 30. g3 Ne7 31. Rxa8 Rxa8 32. Qd3 Qd8 33. Qxb5 b6 34.
Qe2 Nf5 35. Nxf5+ exf5 36. Rd1 Qc7 37. Qb2 Qc5+ 38. Qd4 Ra1 39. Kh2 Rxd1 40.
Qxd1 Qf2+ 41. Kh3 b5 42. e6 fxe6 {(=)} 43. Qd7+ Kf8 44. Qxb5 Qf3 45. Qb8+ Ke7
1/2-1/2

[Event "Principal 2018/2019"]
[Site "Vitrolles"]
[Date "2019.02.03"]
[Round "7"]
[White "Pelopidas, Florian"]
[Black "Baroyan, Davit"]
[Result "0-1"]
[WhiteElo "1759"]
[BlackElo "2117"]
[PlyCount "68"]

1. d4 e6 2. Nf3 f5 3. Bf4 Nf6 4. e3 b6 5. c4 Bb7 6. Nc3 Bb4 7. Bd3 d6 8. O-O
Bxc3 9. bxc3 O-O 10. Bg5 Qe8 11. d5 Ne4 12. Qb3 Qh5 13. Bh4 Nc5 14. Qc2 e5 15.
e4 Nxd3 16. Qxd3 f4 17. h3 h6 18. g4 Qf7 19. g5 Nd7 20. Kh2 Nc5 21. Qe2 h5 22.
Nd2 f3 23. Qe3 Bc8 24. Rg1 Qd7 25. Rg3 Rf4 26. Nxf3 Nxe4 27. Rag1 Qf5 28. g6
Nxg3 29. Rxg3 Qe4 30. Qxe4 Rxe4 31. Bg5 Rxc4 32. Nd2 Rc5 33. c4 Bf5 34. Be3 Ra5
0-1

[Event "Principal 2018/2019"]
[Site "Vitrolles"]
[Date "2019.02.03"]
[Round "7"]
[White "Dijon, Frederic"]
[Black "Busson, Benoit"]
[Result "1/2-1/2"]
[WhiteElo "1899"]
[BlackElo "1899"]
[PlyCount "25"]

1. c3 Nc6 2. d4 d5 3. Bf4 f6 4. Nf3 Bg4 5. Nbd2 e6 6. Qb3 Rb8 7. e3 Bd6 8. Be2
Nge7 9. h3 Bh5 10. g4 Bxf4 11. gxh5 Bh6 12. Nh2 f5 13. f4 1/2-1/2

[Event "Principal 2018/2019"]
[Site "Vitrolles"]
[Date "2019.02.03"]
[Round "7"]
[White "Muhajiz, Gibran"]
[Black "Urcun, Gael"]
[Result "1-0"]
[WhiteElo "1881"]
[BlackElo "1777"]
[PlyCount "99"]

1. d4 Nf6 2. c4 g6 3. Nc3 Bg7 4. e4 d6 5. f4 O-O 6. Nf3 c5 7. d5 e6 8. e5 dxe5
9. fxe5 Ng4 10. Bg5 Qb6 11. Qd2 Nxe5 12. Nxe5 Bxe5 13. Be2 Na6 14. O-O Nc7 15.
Be7 Re8 16. d6 Na6 17. Rf3 Bd4+ 18. Kh1 Rxe7 19. dxe7 Bd7 20. Raf1 f5 21. Nb5
Re8 22. Nxd4 cxd4 23. Rb3 Qd6 24. Rxb7 Nc5 25. Rxa7 Ne4 26. Qc2 Nc5 27. Rd1 Bc6
28. Qd2 e5 29. Qb4 e4 30. Ra5 d3 31. Qxc5 Qxc5 32. Rxc5 dxe2 33. Re1 Bd7 34.
Rxe2 Kf7 35. Kg1 Kf6 36. Kf2 Be6 37. Rc7 Ke5 38. Rd2 Kf6 39. g3 g5 40. Ke3 Rxe7
41. Rxe7 Kxe7 42. b3 Kf6 43. g4 f4+ 44. Kxe4 Bxg4 45. a4 Bf5+ 46. Kf3 Ke5 47.
Rd5+ Ke6 48. a5 h6 49. a6 Bc2 50. a7 1-0

[Event "Principal 2018/2019"]
[Site "Vitrolles"]
[Date "2019.03.02"]
[Round "8"]
[White "Anton, Jose"]
[Black "Pelopidas, Florian"]
[Result "1-0"]
[WhiteElo "1873"]
[BlackElo "1733"]
[PlyCount "67"]

1. e4 e6 2. b3 d5 3. Bb2 dxe4 4. Nc3 Nf6 5. g4 h6 6. Bg2 Bd7 7. Nxe4 Bc6 8. Qe2
Bc5 9. O-O-O Bd4 10. c3 Nxe4 11. Bxe4 Bf6 12. d4 O-O 13. Nf3 Bxe4 14. Qxe4 Qd5
15. Qxd5 exd5 16. h4 Be7 17. Ne5 Bd6 18. f4 Nc6 19. Kc2 Rfe8 20. Rde1 g6 21. h5
Kg7 22. Bc1 gxh5 23. gxh5 Re7 24. Reg1+ Kh7 25. Rg2 Rg8 26. Rhg1 Rxg2+ 27. Rxg2
Nd8 28. Ng4 Kg7 29. Ne3+ Kf8 30. Nxd5 Re1 31. f5 Rh1 32. Bxh6+ Ke8 33. Rg8+ Kd7
34. Bg5 1-0

[Event "Principal 2018/2019"]
[Site "Vitrolles"]
[Date "2019.03.02"]
[Round "8"]
[White "Urcun, Gael"]
[Black "Girard, Jean-Pierre"]
[Result "1-0"]
[WhiteElo "1770"]
[BlackElo "1760"]
[PlyCount "67"]

1. e4 c5 2. Nc3 Nc6 3. g3 g6 4. Bg2 Bg7 5. d3 d6 6. Be3 e6 7. Qd2 Nd4 8. Nd1
Ne7 9. c3 Ndc6 10. Bh6 Bxh6 11. Qxh6 Ne5 12. Qd2 Rb8 13. f4 N5c6 14. Nf3 O-O
15. h4 f5 16. h5 Kg7 17. hxg6 hxg6 18. Ne3 b5 19. Kf2 Qb6 20. Ng5 Bd7 21. Rh7+
Kf6 22. exf5 exf5 23. Nd5+ Nxd5 24. Bxd5 Ne7 25. Bf3 Rbe8 26. c4 b4 27. b3 d5
28. Re1 Qd6 29. cxd5 Nxd5 30. Rxe8 Bxe8 31. Qe2 Nc3 32. Qxe8 Ne4+ 33. Nxe4+
fxe4 34. Qxe4 1-0

[Event "Principal 2018/2019"]
[Site "Vitrolles"]
[Date "2019.03.02"]
[Round "8"]
[White "Busson, Benoit"]
[Black "Muhajiz, Gibran"]
[Result "1-0"]
[WhiteElo "1878"]
[BlackElo "1881"]
[PlyCount "69"]

1. e4 c5 2. Nc3 Nc6 3. Bb5 Nd4 4. Nf3 Nxb5 5. Nxb5 d6 6. O-O Bg4 7. h3 Bh5 8.
b3 a6 9. Na3 e5 10. d3 Be7 11. Nc4 Nf6 12. Re1 b5 13. Ne3 Bg6 14. Bb2 O-O 15.
a4 b4 16. Nh4 Nh5 17. Nhf5 Bg5 18. g3 Nf6 19. Qf3 Bh5 20. g4 Bg6 21. h4 Bxe3
22. Nxe3 h5 23. g5 Ne8 24. Qg3 Nc7 25. Ng2 Ne6 26. f4 exf4 27. Nxf4 Qd7 28. Nd5
Rab8 29. Ne3 Nd4 30. Bxd4 cxd4 31. Nc4 f6 32. Rf1 fxg5 33. Qxg5 Kh7 34. Rae1 d5
35. Qxg6+ 1-0

[Event "Principal 2018/2019"]
[Site "Vitrolles"]
[Date "2019.03.02"]
[Round "8"]
[White "Telouk, Olivier"]
[Black "Dijon, Frederic"]
[Result "1/2-1/2"]
[WhiteElo "1878"]
[BlackElo "1892"]
[PlyCount "26"]
1. e4 e6 2. d4 d5 3. Nd2 Nc6 4. Ngf3 Nf6 5. e5 Nd7 6. c3 f6 7. exf6 Qxf6 8. Bb5
Bd6 9. O-O O-O 10. Qe2 e5 11. Bxc6 bxc6 12. dxe5 Nxe5 13. Nxe5 Bxe5 1/2-1/2

[Event "Principal 2018/2019"]
[Site "Vitrolles"]
[Date "2019.03.23"]
[Round "9"]
[White "Girard, Jean-Pierre"]
[Black "Busson, Benoit"]
[Result "0-1"]
[WhiteElo "1760"]
[BlackElo "1878"]
[PlyCount "88"]

1. e4 e5 2. Nf3 Nc6 3. Bb5 a6 4. Ba4 d6 5. c3 f5 6. exf5 Bxf5 7. O-O Bd3 8. Re1
Be7 9. Bc2 Bxc2 10. Qxc2 Qd7 11. d4 exd4 12. Nxd4 Nxd4 13. cxd4 O-O-O 14. Nc3
Nf6 15. a4 Kb8 16. b4 d5 17. b5 a5 18. Bf4 Bd6 19. Be5 b6 20. h3 Rhf8 21. Re3
Qf7 22. Rc1 Qh5 23. Bxd6 Rxd6 24. Ne2 Qf7 25. Ng3 g6 26. Rc3 Ne8 27. Rf3 Rf6
28. Rxf6 Qxf6 29. Qd2 Qf4 30. Qxf4 Rxf4 31. Re1 Nd6 32. Ne2 Re4 33. f3 Re3 34.
Kf2 Rd3 35. g4 Kc8 36. h4 Kd7 37. h5 gxh5 38. Nf4 Rd2+ 39. Kg3 hxg4 40. Kxg4
Rxd4 41. Rh1 Rxa4 42. Rxh7+ Kc8 43. Kg5 d4 44. Nd5 Nxb5 0-1

[Event "Principal 2018/2019"]
[Site "Vitrolles"]
[Date "2019.03.23"]
[Round "9"]
[White "Pelopidas, Florian"]
[Black "Urcun, Gael"]
[Result "1-0"]
[WhiteElo "1733"]
[BlackElo "1770"]
[PlyCount "75"]

1. d4 Nf6 2. c4 g6 3. Nc3 Bg7 4. e4 d6 5. Nf3 O-O 6. Be2 e5 7. O-O Na6 8. Be3
Ng4 9. Bg5 Qe8 10. dxe5 Nxe5 11. Rc1 Be6 12. Nxe5 dxe5 13. a3 c6 14. Qc2 f6 15.
Be3 Qe7 16. Rfd1 f5 17. exf5 Bxf5 18. Ne4 Qh4 19. Bd3 Bh6 20. Bxh6 Qxh6 21. b4
Rad8 22. b5 Bxe4 23. Bxe4 Nc5 24. bxc6 Qf4 25. Bd5+ Kg7 26. cxb7 Rb8 27. Rb1
Rfe8 28. Rb5 Ne6 29. Bxe6 Rxe6 30. c5 Rc6 31. Qd3 Qa4 32. Rb4 Qa6 33. Qxa6 Rxa6
34. Rd7+ Kh6 35. Rc7 Rxa3 36. g3 Rd3 37. Rc8 Rd8 38. Rxd8 1-0

[Event "Principal 2018/2019"]
[Site "Vitrolles"]
[Date "2019.03.23"]
[Round "9"]
[White "Baroyan, Davit"]
[Black "Anton, Jose"]
[Result "1-0"]
[WhiteElo "2123"]
[BlackElo "1857"]
[PlyCount "69"]

1. e4 c5 2. Nf3 Nc6 3. Bb5 d6 4. Bxc6+ bxc6 5. O-O e5 6. c3 f5 7. exf5 Bxf5 8.
d4 cxd4 9. cxd4 e4 10. Qc2 Rc8 11. Nc3 Nf6 12. Nh4 Bg6 13. Nxg6 hxg6 14. Nxe4
Kf7 15. Ng5+ Kg8 16. Qxg6 Qd7 17. h3 Rh6 18. Qd3 d5 19. Re1 Bd6 20. Ne6 Rh7 21.
Bf4 Ne4 22. Bxd6 Qxd6 23. Nc5 Nxc5 24. dxc5 Qxc5 25. Qf5 Rf8 26. Qe6+ Kh8 27.
Re2 Rh6 28. Qe7 Qxe7 29. Rxe7 Rhf6 30. f3 R8f7 31. Rae1 Kg8 32. Re8+ Rf8 {(=)}
33. Kf2 Rxe8 34. Rxe8+ Kf7 35. Ra8 1-0